Dimensionamiento de un sistema de tratamiento para el manejo y la disposición de lodos generados del tratamiento físico-químico de aguas residuales de un relleno sanitario
Uloženo v:
| Hlavní autor: | |
|---|---|
| Médium: | Kniha |
| Vydáno: |
San José, Costa Rica
2010
|
| Témata: | |
| Tagy: |
Přidat tag
Žádné tagy, Buďte první, kdo vytvoří štítek k tomuto záznamu!
|
MARC
| LEADER | 00000nam a2200000Ia 4500 | ||
|---|---|---|---|
| 003 | 010554 | ||
| 005 | 20221231144026.0 | ||
| 008 | 140114s2011 cr a 000 | s d | ||
| 040 | |c cru CEDI | ||
| 090 | |a TFG 6392 | ||
| 100 | |a Acosta Solís, Olga Lorena |9 2483 | ||
| 245 | |a Dimensionamiento de un sistema de tratamiento para el manejo y la disposición de lodos generados del tratamiento físico-químico de aguas residuales de un relleno sanitario | ||
| 260 | |c 2010 |b San José, Costa Rica | ||
| 500 | |a Proyecto de graduación (licenciatura en ingeniería química)--Universidad de Costa Rica. Facultad de Ingeniería. Escuela de Ingeniería Química | ||
| 650 | |x RELLENO SANITARIO RIO AZUL (LA UNION, CARTAGO, COSTA RICA) |x PURIFICACION DE AGUAS RESIDUALES |x RESIDUOS PELIGROSOS |x ASPECTOS LEGALES |x LODOS RESIDUALES |x LIXIVIACION |x DISPOSICION DE AGUAS RESIDUALES |9 2484 | ||
| 942 | |c TFG | ||
| 999 | |c 15799 |d 15799 | ||
